[Event "Commonwealth & South African Open 2011"]
[Site "Emperors Casino and Conference"]
[Date "2011.06.24"]
[Round "5.1"]
[White "Short, Nigel D"]
[Black "Kobese, Watu AKW"]
[Result "1-0"]
[WhiteElo "2682"]
[BlackElo "2355"]
[PlyCount "83"]
[EventDate "2011.06.24"]

1. d4 Nf6 2. Nf3 g6 3. Bf4 Bg7 4. e3 O-O 5. Be2 b6 6. a4 a5 7. h3 Bb7 8. O-O d6
9. Bh2 Nfd7 10. Na3 e6 11. c3 Qe7 12. b4 Nc6 13. Nb5 Rfc8 14. Qb3 Nf6 15. Rab1
Bh6 16. Rfe1 Nd5 17. Bc4 axb4 18. Bxd5 exd5 19. cxb4 Qd7 20. Rec1 Ne7 21. Nc3
c6 22. Rd1 Bg7 23. Ne1 Ra7 24. Nd3 Rca8 25. Nf4 Bh6 26. b5 cxb5 27. Qxb5 Bc6
28. Qb3 Bg7 29. Rdc1 Ra6 30. Nfxd5 Nxd5 31. Nxd5 Bxd5 32. Qxd5 Bf8 33. Rxb6
Qxa4 34. Rxa6 Rxa6 35. Bf4 Ra5 36. Qc6 Qa3 37. Rb1 Ra6 38. Qe4 Ra8 39. Qd5 Ra5
40. Qc6 Ra6 41. Qc8 Ra8 42. Rb8 {1-0 GM Short Nigel D (2682)-IM Kobese Watu
AKW (2355)/Emperors Palace - South Afric 2011} 1-0

[Event "Commonwealth & South African Open 2011"]
[Site "Emperors Casino and Conference"]
[Date "2011.06.24"]
[Round "5.2"]
[White "Jere, Daniel"]
[Black "Gupta, Abhijeet"]
[Result "1/2-1/2"]
[WhiteElo "2344"]
[BlackElo "2604"]
[PlyCount "65"]
[EventDate "2011.06.24"]

1. c4 Nf6 2. g3 c6 3. Bg2 d5 4. Nf3 g6 5. b3 Bg7 6. Bb2 O-O 7. O-O Nbd7 8. d3
Re8 9. cxd5 cxd5 {Rc1 a6} 10. Nc3 b5 11. e4 dxe4 12. dxe4 Nb6 13. e5 Nfd5 14.
Nxd5 Nxd5 15. Ng5 e6 16. Ne4 Bb7 17. Qe2 Qb8 18. Nd6 Rd8 19. Rfd1 b4 20. Be4
Bf8 21. Nxb7 Qxb7 22. Qf3 a5 23. Bxd5 Rxd5 24. Rxd5 Qxd5 25. Qxd5 exd5 {Rc7}
26. a4 {Rd7} Rc8 27. Bd4 Bc5 {Rxd5 Bxd4 Rxd4 a3 Rxb4 Rc2 Rb8+ Kg7 Ra8} 28. Ra2
{Ra7} Kf8 29. Kg2 {Ra1 Kf3 a2 Kg4} h6 30. h4 h5 {Kf4 Rb1 Rxa2 Rxb3} 31. e6 {
Rb4+ Ke5 Rb5+ Ke4} fxe6 {Ra7 Rc5} 32. f3 {Rb5 Rd7 Ra5 g4} g5 33. hxg5 {1/2-1/2
FM Jere Daniel (2344)-GM Gupta Abhijeet (2604)/Emperors Palace - South Afric
2011} 1/2-1/2

[Event "Commonwealth & South African Open 2011"]
[Site "Emperors Casino and Conference"]
[Date "2011.06.24"]
[Round "5.4"]
[White "Ghate, Swati"]
[Black "Lafuente, Pablo"]
[Result "1/2-1/2"]
[WhiteElo "2317"]
[BlackElo "2555"]
[PlyCount "45"]
[EventDate "2011.06.24"]

1. e4 c6 2. d4 d5 3. Nc3 dxe4 4. Nxe4 Bf5 5. Ng3 Bg6 6. h4 h6 7. Nf3 Nd7 8. h5
Bh7 9. Bd3 Bxd3 10. Qxd3 e6 11. Bd2 Ngf6 12. O-O-O {?xd8 ?xd3} Be7 13. Rhe1 O-O
14. Ne5 Re8 15. Kb1 c5 16. Nxd7 Nxd7 17. Bc3 cxd4 18. Bxd4 Rc8 19. Ne4 Bb4 20.
g4 Bc3 21. Nxc3 Nf6 22. Rg1 Rc5 {Rd3} 23. Nd5 {a3 1/2-1/2 WGM Ghate Swati 
(2317)-GM Lafuente Pablo (2555)/Emperors Palace - South Afric 2011} 1/2-1/2

[Event "Commonwealth & South African Open 2011"]
[Site "Emperors Casino and Conference"]
[Date "2011.06.24"]
[Round "5.5"]
[White "van der Nat, Nicholas P"]
[Black "Smerdon, David"]
[Result "*"]
[WhiteElo "2308"]
[BlackElo "2520"]
[PlyCount "50"]
[EventDate "2011.06.24"]

1. e4 e6 2. d4 d5 3. Nc3 Nf6 4. Bg5 Bb4 5. e5 h6 6. Bd2 Bxc3 7. bxc3 Ne4 8. Qg4
g6 9. Bd3 Nxd2 10. Kxd2 c5 11. Nf3 Qc7 12. Rhb1 Nc6 13. h4 cxd4 14. cxd4 Bd7
15. g3 Na5 16. a4 O-O-O 17. Qf4 Kb8 18. Ke2 Bc8 19. Qd2 Ka8 20. Qb4 b6 21. Ra3
Nc6 22. Qc3 Bd7 23. Ba6 Rb8 24. Qb2 g5 25. Rd1 Rhg8 {FM van der Nat Nicholas P
(2-GM Smerdon David (2520)/Emperors Palace - South Afric 2011} *

[Event "Commonwealth & South African Open 2011"]
[Site "Emperors Casino and Conference"]
[Date "2011.06.24"]
[Round "5.6"]
[White "Harika, Dronovali"]
[Black "Cawdery, Daniel J"]
[Result "1/2-1/2"]
[WhiteElo "2520"]
[BlackElo "2274"]
[PlyCount "67"]
[EventDate "2011.06.24"]

1. Nf3 Nf6 2. g3 g6 3. Bg2 Bg7 4. d4 O-O 5. O-O d6 6. c4 c5 7. d5 b5 8. cxb5 a6
9. bxa6 Bxa6 10. Nc3 Nbd7 11. Rb1 Qa5 12. Qc2 Nb6 13. Nd2 Bb7 14. e4 Na4 15.
Re1 Nd7 16. Nc4 Qa6 17. Bf1 Nxc3 18. bxc3 Qa7 19. f4 Rfb8 20. a3 Ba6 21. Rxb8+
Qxb8 22. Na5 Bxf1 23. Nc6 Qb5 24. Rxf1 Kf8 25. e5 Qc4 26. Qd2 dxe5 27. d6 e6
28. fxe5 Nxe5 29. Nxe5 Bxe5 30. d7 Ke7 31. Qg5+ f6 32. Qh6 Bxc3 33. Qg7+ Kd8
34. Qh6 {1/2-1/2 IM Harika Dronovali (2520)-CM Cawdery Daniel J (2274)/
Emperors Palace - South Afric 2011} 1/2-1/2

[Event "Commonwealth & South African Open 2011"]
[Site "Emperors Casino and Conference"]
[Date "2011.06.24"]
[Round "5.7"]
[White "Grover, Sahaj"]
[Black "Mamombe, Kudzanai"]
[Result "0-1"]
[WhiteElo "2485"]
[BlackElo "2089"]
[PlyCount "39"]
[EventDate "2011.06.24"]

1. e4 c5 2. Nf3 d6 3. d4 cxd4 4. Nxd4 Nf6 5. Nc3 a6 6. Be3 e6 7. Be2 Nbd7 8. f4
Qc7 9. Bf3 e5 10. Nde2 b5 11. O-O Bb7 12. a3 Be7 13. Kh1 O-O 14. Ng3 g6 15. f5
Rac8 16. Bg5 Nb6 17. fxg6 fxg6 18. Bh6 Rfd8 19. Bg4 Qd7 20. Nf5 {0-1 IM Grover
Sahaj (2485)-IM Mamombe Kudzanai (2089)/Emperors Palace - South Afric 2011} 0-1

[Event "Commonwealth & South African Open 2011"]
[Site "Emperors Casino and Conference"]
[Date "2011.06.24"]
[Round "5.8"]
[White "Oatlhotse, Providence"]
[Black "Mokal, Prathamesh S"]
[Result "*"]
[WhiteElo "2251"]
[BlackElo "2405"]
[PlyCount "24"]
[EventDate "2011.06.24"]

1. d4 Nf6 2. c4 c5 3. d5 e6 4. Nc3 d6 5. Nf3 g6 6. e4 Bg7 7. Nd2 O-O 8. Be2 Re8
9. O-O Na6 10. Kh1 Nc7 11. a4 b6 12. f3 h5 {CM Oatlhotse Providence (225-IM
Mokal Prathamesh S (2405)/Emperors Palace - South Afric 2011} *

[Event "Commonwealth & South African Open 2011"]
[Site "Emperors Casino and Conference"]
[Date "2011.06.24"]
[Round "5.9"]
[White "Klaasen, Calvin J"]
[Black "Huschenbeth, Niclas"]
[Result "1-0"]
[WhiteElo "2068"]
[BlackElo "2502"]
[PlyCount "53"]
[EventDate "2011.06.24"]

1. e4 e5 2. Nf3 Nc6 3. Bb5 a6 4. Ba4 Nf6 5. Qe2 b5 6. Bb3 Bc5 7. d3 d6 8. c3 h6
9. Nbd2 O-O 10. Nf1 Ng4 11. Ne3 Nxe3 12. Bxe3 Bxe3 13. fxe3 Be6 14. O-O Na5 15.
Bc2 c5 16. Qe1 Qc7 17. Nh4 c4 18. d4 Nb7 19. Qg3 a5 20. Nf5 Bxf5 21. exf5 f6
22. Be4 Rab8 23. Bd5+ Kh8 24. Rf3 Nd8 25. Qg6 Nc6 26. Rh3 Nd8 27. Rxh6+ {1-0
Klaasen Calvin J (2068)-IM Huschenbeth Niclas (2502)/Emperors Palace - South
Afric 2011} 1-0

[Event "Commonwealth & South African Open 2011"]
[Site "Emperors Casino and Conference"]
[Date "2011.06.24"]
[Round "5.10"]
[White "Nel, Andre"]
[Black "Kunte, Abhijit"]
[Result "0-1"]
[WhiteElo "2236"]
[BlackElo "2526"]
[PlyCount "96"]
[EventDate "2011.06.24"]

1. e4 c5 2. Nf3 e6 3. d3 d5 4. Nbd2 Nc6 5. g3 g6 6. Bg2 Bg7 7. O-O Nge7 8. Re1
h6 9. c3 b6 10. exd5 exd5 11. d4 c4 12. Ne5 O-O 13. Nxc6 Nxc6 14. Nxc4 Be6 15.
Ne3 Qd7 16. Qd3 Rac8 17. Qb5 Rfd8 18. a4 Kh7 19. b4 f5 20. f4 Bf7 21. Bd2 Qd6
22. Qd3 Rb8 23. Re2 Ne7 24. Rae1 Re8 25. Qb5 Rbc8 26. Nd1 Rc7 27. Re3 Rec8 28.
Nf2 Ng8 29. Nd3 Nf6 30. Ne5 Be8 31. Qa6 Ne4 32. Bxe4 dxe4 33. a5 Rb8 34. axb6
axb6 35. Qa2 Rbc8 36. Rd1 Bb5 37. Qb2 Qd5 38. Ra1 Bxe5 39. fxe5 g5 40. Qa2 Bc4
41. Qb1 Ra8 42. Rxa8 Qxa8 43. g4 Ra7 44. Re1 Bd3 45. Qb3 f4 46. Qe6 e3 47. Bxe3
fxe3 48. d5 Qf8 {Nel Andre (2236)-GM Kunte Abhijit (2526)/Emperors Palace -
South Afric 2011} 0-1

[Event "Commonwealth & South African Open 2011"]
[Site "Emperors Casino and Conference"]
[Date "2011.06.24"]
[Round "2.26"]
[White "van de Venter, Waldo"]
[Black "Njobvu, Ignatius"]
[Result "0-1"]
[WhiteElo "1743"]
[BlackElo "2228"]
[PlyCount "78"]
[EventDate "2011.06.24"]

1. d4 c6 2. c4 Nf6 3. Nc3 d5 4. Nf3 e6 5. e3 Bd6 6. Bd3 Nbd7 7. e4 dxe4 8. Nxe4
Nxe4 9. Bxe4 Nf6 10. Bc2 Qa5+ 11. Bd2 Bb4 12. O-O Bxd2 13. Nxd2 O-O 14. a3 Rd8
15. b4 Qg5 16. Nf3 Qg4 17. h3 Qf4 18. Re1 b6 19. Qe2 c5 20. Qe5 Qxe5 21. dxe5
Nd7 22. Be4 Rb8 23. Rad1 Bb7 24. Bxb7 Rxb7 25. Rd6 Kf8 26. Red1 Ke7 27. Ng5 h6
28. Ne4 Rc8 29. f4 f5 30. bxc5 Nxc5 31. Nc3 Nb3 32. Ne2 Rxc4 33. Rb1 Rc2 34.
Rxb3 Rxe2 35. Rg3 g5 36. h4 g4 37. Rgd3 Rc7 38. h5 Re4 39. R3d4 g3 {resign} 0-1

[Event "Commonwealth & South African Open 2011"]
[Site "Emperors Casino and Conference"]
[Date "2011.06.24"]
[Round "2.27"]
[White "Mathe, Lehlogonolo D"]
[Black "Mafanya, Kulasande"]
[Result "1-0"]
[WhiteElo "2222"]
[BlackElo "1726"]
[PlyCount "57"]
[EventDate "2011.06.24"]

1. d4 d5 2. c4 e6 3. Nc3 c5 4. cxd5 exd5 5. Nf3 Nc6 6. g3 Nf6 7. Bg2 Be7 8. O-O
O-O 9. Bg5 cxd4 10. Nxd4 h6 11. Be3 Re8 12. Rc1 Bg4 13. h3 Be6 14. Nxc6 bxc6
15. Na4 Qc8 16. Kh2 Bf5 17. Bc5 Qa6 18. Bxe7 Rxe7 19. Re1 Rae8 20. e3 Ne4 21.
Kg1 Qc8 22. h4 Bh3 23. Nc5 Bxg2 24. Kxg2 Qf5 25. Qc2 Qf6 26. Nxe4 Rxe4 27. Qxc6
Qxb2 28. Qxd5 Rxe3 29. Rxe3 1-0

[Event "Commonwealth & South African Open 2011"]
[Site "Emperors Casino and Conference"]
[Date "2011.06.24"]
[Round "2.28"]
[White "Tlale, Tshepang"]
[Black "Goosen, Anton"]
[Result "0-1"]
[WhiteElo "1739"]
[BlackElo "2182"]
[PlyCount "75"]
[EventDate "2011.06.24"]

1. e4 Nf6 2. e5 Nd5 3. d4 d6 4. Nf3 dxe5 5. dxe5 g6 6. Bc4 c6 7. Nc3 Be6 8. Ng5
Qa5 9. Bd2 Ne3 10. Bxe3 Bxc4 11. Qd4 Be6 12. O-O-O Bg7 13. f4 Bf5 14. h3 h6 15.
Nge4 O-O 16. g4 Bxe4 17. Qxe4 Na6 18. Rd7 Nc5 19. Bxc5 Qxc5 20. Na4 Qb5 21.
Rhd1 Rfe8 22. Nc3 Qb6 23. Qd3 Rab8 24. f5 gxf5 25. gxf5 Bxe5 26. Na4 Qb4 27.
Rg1+ Kh8 28. Nc3 Rg8 29. Re1 Rg3 30. Qe4 Qxe4 31. Rxe4 Rf3 32. Rxe7 Rxf5 33.
Kb1 f6 34. a3 a5 35. Na4 Bd6 36. Re8+ Rxe8 37. Rxe8+ Kg7 38. Nb6 {Notation
unclear Black won on move 57} 0-1

[Event "Commonwealth & South African Open 2011"]
[Site "Emperors Casino and Conference"]
[Date "2011.06.24"]
[Round "2.29"]
[White "Makoto, Rodwell"]
[Black "Strydom, Francois P"]
[Result "1-0"]
[WhiteElo "2166"]
[BlackElo "1717"]
[PlyCount "34"]
[EventDate "2011.06.24"]

1. Nf3 Nf6 2. g3 b6 3. Bg2 Bb7 4. c4 c5 5. O-O g6 6. b3 Bg7 7. Bb2 O-O 8. e3 e6
9. d4 cxd4 10. exd4 d5 11. c5 bxc5 12. dxc5 Na6 13. b4 Nxb4 14. Qb3 Ba6 15.
Qxb4 Rb8 16. Qa3 Bxf1 17. Kxf1 Rb7 {notation unclear white win on move 72 on
time} 1-0

[Event "Commonwealth & South African Open 2011"]
[Site "Emperors Casino and Conference"]
[Date "2011.06.24"]
[Round "2.30"]
[White "Siddiqui, Nida"]
[Black "Phiri, Richmond"]
[Result "0-1"]
[WhiteElo "1738"]
[BlackElo "2165"]
[PlyCount "60"]
[EventDate "2011.06.24"]

1. e4 c5 2. Nf3 e6 3. d3 Nc6 4. g3 g6 5. Bg2 Bg7 6. O-O Nge7 7. Nbd2 O-O 8. a4
d6 9. Nc4 h6 10. c3 e5 11. Be3 Be6 12. Qd2 Kh7 13. Ne1 f5 14. f4 fxe4 15. fxe5
d5 16. Nd6 d4 17. cxd4 cxd4 18. Nxb7 Qb6 19. Nc2 dxe3 20. Qxe3 Qxb7 21. Bxe4
Qxb2 22. Qc5 Qxe5 23. Qa3 Bd5 24. Rae1 Rxf1+ 25. Kxf1 Rf8+ 26. Kg1 Qc3 27. Qa1
Bxe4 28. Rxe4 Qxd3 29. Re1 Nd4 30. Rd1 Ne2+ 0-1

[Event "Commonwealth & South African Open 2011"]
[Site "Emperors Casino and Conference"]
[Date "2011.06.24"]
[Round "2.31"]
[White "Anderson, Gavin A"]
[Black "Mak, TSZ FTC."]
[Result "*"]
[WhiteElo "2157"]
[BlackElo "1713"]
[PlyCount "82"]
[EventDate "2011.06.24"]

1. d4 Nf6 2. c4 c5 3. Nf3 g6 4. Nc3 cxd4 5. Nxd4 Nc6 6. e4 d6 7. Be2 Nxd4 8.
Qxd4 Bg7 9. Be3 O-O 10. Qd2 a5 11. O-O a4 12. Rac1 Be6 13. f3 Qa5 14. Bd3 Rfc8
15. Qe2 Nd7 16. Nb5 Ne5 17. Bd4 Nxd3 18. Qxd3 Bxd4+ 19. Qxd4 Qb4 20. Na3 Rc5
21. Qc3 Qxc3 22. Rxc3 Rac8 23. Rfc1 g5 24. Kf2 Kg7 25. Ke3 f5 26. exf5 Bxf5 27.
Kd4 Re5 28. Re3 Rxe3 29. Kxe3 Rc5 30. Nb5 d5 31. Kd4 Rxc4+ 32. Rxc4 dxc4 33. a3
Bd3 34. Nc3 Kf6 35. Nxa4 e5+ 36. Ke3 Bf5 37. Nb6 Be6 38. Ke4 h5 39. Nd5+ Bxd5+
40. Kxd5 b5 41. g4 Kg6 *

[Event "Commonwealth & South African Open 2011"]
[Site "Emperors Casino and Conference"]
[Date "2011.06.24"]
[Round "2.35"]
[White "Notha, Moakofi"]
[Black "du Toit, Stefan M"]
[Result "0-1"]
[WhiteElo "2123"]
[BlackElo "1690"]
[PlyCount "103"]
[EventDate "2011.06.24"]

1. e4 c5 2. Nf3 Nc6 3. g3 g6 4. Bg2 Bg7 5. O-O d6 6. Re1 e5 7. d3 Nge7 8. Be3
O-O 9. Qd2 Bg4 10. h3 Be6 11. Ng5 Bd7 12. Nc3 Nd4 13. Bxd4 cxd4 14. Ne2 Bh6 15.
f4 f6 16. Nf3 Qb6 17. Kh2 d5 18. exd5 exf4 19. Nxf4 Nf5 20. Qf2 Rac8 21. c4
dxc3 22. Qxb6 axb6 23. bxc3 Bxf4 24. gxf4 Rxc3 25. Rab1 b5 26. Rec1 Rfc8 27.
Rxc3 Rxc3 28. Ne1 Kf7 29. a4 bxa4 30. Rxb7 Ke8 31. Ra7 Rc1 32. Nf3 Rd1 33. Ra6
Ke7 34. d4 Ra1 35. h4 Ra2 36. Kg1 Ne3 37. d6+ Ke8 38. Ne1 Nxg2 39. Nxg2 Rd2 40.
Kh2 Rxd4 41. Kg3 Kf7 42. Ne3 Ke6 43. h5 Rxd6 44. Ra7 Rd3 45. Kf3 f5 46. hxg6
hxg6 47. Ra6+ Rd6 48. Ra5 Bc6+ 49. Ke2 Rd4 50. Ra6 Kd7 51. Ra7+ Kd6 52. Rg7 0-1

[Event "Commonwealth & South African Open 2011"]
[Site "Emperors Casino and Conferenc"]
[Date "2011.06.24"]
[Round "2.33"]
[White "Gaealafshwe, Barileng"]
[Black "Sithole, Mbongeni C"]
[Result "1-0"]
[WhiteElo "2128"]
[BlackElo "1696"]
[PlyCount "110"]
[EventDate "2011.06.24"]

1. Nf3 f5 2. c4 Nf6 3. g3 d6 4. d4 e6 5. Bg2 Be7 6. O-O O-O 7. Nc3 Qe8 8. Re1
Ne4 9. Qc2 Qg6 10. Nd2 Nxc3 11. bxc3 e5 12. Rb1 Nc6 13. Bd5+ Kh8 14. Qa4 Nd8
15. Ba3 e4 16. c5 dxc5 17. Bxc5 Bxc5 18. dxc5 c6 19. Bb3 Ne6 20. Bxe6 Qxe6 21.
Nc4 f4 22. Nd6 fxg3 23. fxg3 Qd5 24. Qd4 Qxd4+ 25. cxd4 Rb8 26. Rf1 Rxf1+ 27.
Kxf1 Be6 28. Rxb7 Rxb7 29. Nxb7 Bxa2 30. Nd6 Bd5 31. Ke1 h5 32. e3 a5 33. Kd1
a4 34. Kc1 a3 35. Kb1 Kh7 36. Nc8 Bc4 37. Ne7 Bb5 38. Ka2 Kh6 39. h4 g5 40.
Kxa3 gxh4 41. gxh4 Kg7 42. Nf5+ Kf6 43. Ng3 Bd3 44. Kb4 Bc2 45. Ka5 Bb3 46.
Nxe4+ Kf5 47. Nf2 Ke6 48. Kb4 Ba2 49. Kc3 Kf5 50. Kd3 Bb3 51. Ke2 Bd5 52. Kd3
Ba2 53. Kc3 Ke6 54. e4 Kd7 55. Kd3 Bb1+ 1-0

[Event "Commonwealth & South African Open 2011"]
[Site "Emperors Casino and Conferenc"]
[Date "2011.06.24"]
[Round "2.34"]
[White "Windvogel, Lance J"]
[Black "Klaver, Cornelis"]
[Result "*"]
[WhiteElo "1733"]
[BlackElo "2126"]
[PlyCount "121"]
[EventDate "2011.06.24"]

1. Nf3 c5 2. c4 Nf6 3. Nc3 Nc6 4. g3 d5 5. cxd5 Nxd5 6. Bg2 Nc7 7. O-O e5 8. d3
Be7 9. Be3 O-O 10. Rc1 Be6 11. Ne4 b6 12. Qa4 Bd7 13. Qc4 Be6 14. Qa4 Bd7 15.
Qc4 h6 16. Nc3 Na5 17. Qe4 f5 18. Qxe5 Bf6 19. Qd6 Be7 20. Qe5 Bc6 21. Bf4 Rc8
22. Qe3 g5 23. Bxc7 Rxc7 24. Qe6+ Kg7 25. Ne5 Rf6 26. Nxc6 Rxc6 27. Qe5 Rce6
28. Qd5 Qf8 29. Qa8 Qxa8 30. Bxa8 Rf8 31. Bd5 Rd6 32. Bg2 Bf6 33. Rc2 Re8 34.
Nb5 Rd7 35. a3 a6 36. Nc3 Red8 37. Na4 Rd6 38. b4 cxb4 39. axb4 Nb3 40. Rb1 Nd4
41. Rc7+ Kf8 42. Kf1 Re8 43. e3 Nb5 44. Rc6 Ree6 45. Rxd6 Rxd6 46. d4 Bd8 47.
Rc1 f4 48. Rc6 Ke7 49. Ke2 Kd7 50. Rxd6+ Nxd6 51. Kd3 fxe3 52. fxe3 Kc7 53. e4
Be7 54. Nc3 Bf8 55. e5 Ne8 56. Nd5+ Kc6 57. Kc3 Nc7 58. Ne7+ Kb5 59. Bf1+ Ka4
60. Nd5 b5 {Notation unclear} 61. Kd3 *

[Event "Commonwealth & South African Open 2011"]
[Site "Emperors Casino and Conference"]
[Date "2011.06.24"]
[Round "2.36"]
[White "Alberts, Jaco A"]
[Black "Simutowe, Musa"]
[Result "0-1"]
[WhiteElo "1731"]
[BlackElo "2119"]
[PlyCount "114"]
[EventDate "2011.06.24"]

1. d4 d5 2. Nf3 Nf6 3. c4 c6 4. Nc3 dxc4 5. a4 Bf5 6. e3 e6 7. Bxc4 Bb4 8. Bd2
O-O 9. O-O Nbd7 10. Ne2 Bd6 11. Ng3 Bg6 12. Re1 Ne4 13. Nxe4 Bxe4 14. Bc3 Qf6
15. Nd2 Qg6 16. Nxe4 Qxe4 17. Bd3 Qh4 18. g3 Qh6 19. e4 e5 20. Bf1 exd4 21.
Bxd4 Rfd8 22. Qb3 Nc5 23. Qc3 Ne6 24. Be3 Qh5 25. Be2 Qe5 26. Qxe5 Bxe5 27.
Rab1 Bd4 28. Bf1 Nc5 29. b3 Nxe4 30. Bxd4 Rxd4 31. Rbd1 Nd2 32. Kg2 Nxb3 33.
Rxd4 Nxd4 34. Re7 Rb8 35. Bc4 Ne6 36. Bxe6 fxe6 37. Rxe6 Kf7 38. Re4 b5 39.
axb5 cxb5 40. Rd4 Ke6 41. Rd1 b4 42. Kf1 b3 43. Ke2 a5 44. Rb1 a4 45. Kd2 Kd5
46. Kc3 Kc5 47. Kb2 Kb4 48. Re1 a3+ 49. Kb1 Rd8 50. Re4+ Kc3 51. Re3+ Rd3 52.
Re1 a2+ 53. Ka1 Kc2 54. f4 Rd1+ 55. Rxd1 Kxd1 56. Kb2 a1=Q+ 57. Kxa1 Kc2 0-1

[Event "Commonwealth & South African Open 2011"]
[Site "Emperors Casino and Conference"]
[Date "2011.06.24"]
[Round "2.37"]
[White "Bornheim, Darren"]
[Black "Bhawoodien, Shabir"]
[Result "1/2-1/2"]
[WhiteElo "1730"]
[BlackElo "2115"]
[PlyCount "48"]
[EventDate "2011.06.24"]

1. d4 Nf6 2. c4 c5 3. Nf3 cxd4 4. Nxd4 Nc6 5. g3 Qb6 6. e3 e5 7. Nc2 d5 8. cxd5
Nb4 9. Nc3 Bg4 10. Be2 Bxe2 11. Qxe2 Nfxd5 12. Nxd5 Nxd5 13. e4 Nb4 14. O-O Nc6
15. Rb1 Be7 16. Ne3 O-O 17. Nd5 Qd8 18. Be3 Bg5 19. Rbc1 Bxe3 20. Qxe3 Qa5 21.
a3 f6 22. Rc5 Qa4 23. Rfc1 Kh8 24. Qd3 Qd4 1/2-1/2

[Event "Commonwealth & South African Open 2011"]
[Site "Emperors Casino and Conference"]
[Date "2011.06.24"]
[Round "2.38"]
[White "Mbedza, Richard"]
[Black "Bhuvaneshwari, R."]
[Result "1-0"]
[WhiteElo "2109"]
[BlackElo "1675"]
[PlyCount "51"]
[EventDate "2011.06.24"]

1. e4 e6 2. d3 d5 3. Nd2 Nf6 4. f4 dxe4 5. dxe4 Bc5 6. Qe2 O-O 7. c3 Nbd7 8. e5
Nd5 9. Ne4 Be7 10. Nf3 b6 11. Qc2 f6 12. g3 Bb7 13. Bg2 fxe5 14. Neg5 e4 15.
Qxe4 Bxg5 16. Nxg5 Rf6 17. Qxh7+ Kf8 18. Qh8+ Ke7 19. Qxg7+ Ke8 20. O-O Nc5 21.
c4 Nb4 22. Be3 Bxg2 23. Rad1 Ncd3 24. Kxg2 Nc2 25. Qg8+ Ke7 26. Qh7+ 1-0

[Event "Commonwealth & South African Open 2011"]
[Site "Emperors Casino and Conference"]
[Date "2011.06.24"]
[Round "2.39"]
[White "Mmoneng, Patrick L"]
[Black "Dole, Anant"]
[Result "0-1"]
[WhiteElo "1720"]
[BlackElo "2103"]
[PlyCount "94"]
[EventDate "2011.06.24"]

1. e4 e6 2. d4 d5 3. Nc3 Bb4 4. e5 c5 5. Bd2 Ne7 6. f4 Nf5 7. Nf3 Nc6 8. Nb5 a6
9. c3 axb5 10. cxb4 cxd4 11. Bxb5 Qb6 12. Bxc6+ bxc6 13. O-O Ba6 14. Re1 h5 15.
Qc1 Ke7 16. Qc5+ Qxc5 17. bxc5 Rhb8 18. b4 Bb5 19. a3 Ra4 20. Bc1 d3 21. Bb2
Rba8 22. Kf2 Kd7 23. g3 Kc7 24. h3 h4 25. g4 Ng3 26. Ng5 Rf8 27. Kf3 Bc4 28.
Rad1 Raa8 29. Rd2 Rae8 30. Re3 Kd7 31. Re1 Ne2 32. Rf1 Ke7 33. Ke3 f5 34. exf6+
gxf6 35. Nf3 Kd7 36. Rh1 e5 37. fxe5 fxe5 38. Nxe5+ Rxe5+ 39. Bxe5 Re8 40. Kf2
Rxe5 41. a4 Ng3 42. Rhd1 Ne4+ 43. Kf3 Nxd2+ 44. Rxd2 d4 45. Kf2 Re3 46. Kg2 Ke6
47. Rf2 Ke5 0-1

[Event "Commonwealth & South African Open 2011"]
[Site "Emperors Casino and Conference"]
[Date "2011.06.24"]
[Round "2.41"]
[White "Khuphwathea, Paul C"]
[Black "Mamombe, Kudzanai"]
[Result "0-1"]
[WhiteElo "1719"]
[BlackElo "2089"]
[PlyCount "92"]
[EventDate "2011.06.24"]

1. Nf3 Nf6 2. d4 g6 3. g3 Bg7 4. Bg2 O-O 5. O-O d6 6. c4 c6 7. Nc3 Nbd7 8. Bg5
h6 9. Bd2 e5 10. dxe5 dxe5 11. Qc1 Kh7 12. Rd1 Qe7 13. Qc2 Nc5 14. Nh4 Bg4 15.
h3 Be6 16. b4 Na6 17. b5 Nb4 18. Qa4 cxb5 19. cxb5 Rfd8 20. Rac1 Nbd5 21. Nxd5
Nxd5 22. Kh2 f5 23. Nf3 e4 24. Ne1 a6 25. bxa6 Rxa6 26. Qc2 Rda8 27. Qc5 Qxc5
28. Rxc5 Rxa2 29. Nc2 Rb2 30. f3 Bf8 31. Bc1 Rb1 32. Rc4 b5 33. Rcd4 Nc3 34.
Re1 Nxe2 35. Rxe2 Rxc1 36. fxe4 Ra2 37. exf5 Bxf5 38. g4 Rcxc2 39. Rxc2 Bxc2
40. Rd7+ Bg7 41. Kg3 b4 42. Bd5 b3 43. Rd8 Be5+ 44. Kf3 Ra7 45. Be4 Bxe4+ 46.
Kxe4 Bf6 0-1

[Event "Commonwealth & South African Open 2011"]
[Site "Emperors Casino and Conference"]
[Date "2011.06.24"]
[Round "2.42"]
[White "Hercules, Benjamin Vincent"]
[Black "Schulz, Andreas"]
[Result "1-0"]
[WhiteElo "2089"]
[BlackElo "1667"]
[PlyCount "45"]
[EventDate "2011.06.24"]

1. d4 Nf6 2. c4 e6 3. Nc3 Bb4 4. e3 O-O 5. Bd3 d5 6. Nge2 dxc4 7. Bxc4 b6 8.
O-O Bb7 9. Qc2 Nbd7 10. Rd1 Rc8 11. e4 Bxc3 12. Nxc3 c6 13. Bf4 b5 14. Bd3 h6
15. Qe2 Nb6 16. e5 Nfd7 17. Qe4 f5 18. exf6 Nxf6 19. Qxe6+ Kh8 20. Qh3 Nbd5 21.
Be5 a6 22. Ne4 Nxe4 23. Qxh6+ 1-0

[Event "Commonwealth & South African Open 2011"]
[Site "Emperors Casino and Conference"]
[Date "2011.06.24"]
[Round "2.43"]
[White "Darling, Simeon C"]
[Black "Stevens, Tristan"]
[Result "0-1"]
[WhiteElo "1717"]
[BlackElo "2087"]
[PlyCount "62"]
[EventDate "2011.06.24"]

1. e4 c5 2. Nf3 g6 3. d4 cxd4 4. Nxd4 Nc6 5. Nc3 Bg7 6. Be3 Nf6 7. Qd2 O-O 8.
f3 d5 9. Nxc6 bxc6 10. e5 Nd7 11. f4 e6 12. Be2 f6 13. exf6 Qxf6 14. O-O d4 15.
Ne4 Qf5 16. Ng3 dxe3 17. Qc1 Qc5 18. c3 Nf6 19. Qc2 Nd5 20. Ne4 Qe7 21. Bf3
Nxf4 22. Ng3 Ba6 23. Be2 Nxe2+ 24. Nxe2 Rxf1+ 25. Rxf1 Rf8 26. Rxf8+ Qxf8 27.
Ng3 Be5 28. c4 Bxg3 29. hxg3 Qf2+ 30. Qxf2 exf2+ 31. Kxf2 Bxc4 0-1

[Event "Commonwealth & South African Open 2011"]
[Site "Emperors Casino and Conference"]
[Date "2011.06.24"]
[Round "2.44"]
[White "Booysen, Neil"]
[Black "Meintjes, Jacques C"]
[Result "0-1"]
[WhiteElo "1712"]
[BlackElo "2078"]
[PlyCount "141"]
[EventDate "2011.06.24"]

1. d4 d5 2. e3 Nf6 3. Bd3 Nc6 4. f4 Nb4 5. Nf3 Nxd3+ 6. cxd3 g6 7. Nc3 c6 8.
O-O Bg7 9. Qe1 O-O 10. e4 dxe4 11. dxe4 Ng4 12. e5 Be6 13. h3 Nh6 14. g4 Qd7
15. Qh4 f5 16. exf6 exf6 17. f5 Nxf5 18. gxf5 Bxf5 19. Kh2 Rfe8 20. Bd2 Bf8 21.
Rae1 Bd6+ 22. Kh1 Bxh3 23. Rg1 Rxe1 24. Rxe1 Bg4 25. Nh2 Bxh2 26. Qxh2 Bf3+ 27.
Kg1 Qxd4+ 28. Be3 Qg4+ 29. Kf2 Qf5 30. Qf4 Bg4 31. Kg3 h5 32. Qxf5 Bxf5 33. Bd4
Kf7 34. Ne4 Rd8 35. Bxf6 Rd3+ 36. Kf4 Rd5 37. Bc3 Bxe4 38. Rxe4 Rf5+ 39. Kg3 g5
40. Bb4 c5 41. Bc3 b5 42. a3 Rd5 43. Re1 Rd3+ 44. Kg2 g4 45. Re5 h4 46. Rxc5
Rg3+ 47. Kf2 Rf3+ 48. Ke2 h3 49. Be5 Ke6 50. Bb8 Rb3 51. Rc2 g3 52. Kf1 Rd3 53.
Re2+ Kd5 54. Re5+ Kc6 55. Re1 a5 56. Kg1 b4 57. a4 b3 58. Be5 Kd5 59. Bc3 Rxc3
60. bxc3 Kc4 61. Re8 Kxc3 62. Re3+ Kb4 63. Rxg3 b2 64. Rg4+ Ka3 65. Rg3+ Kxa4
66. Rxh3 b1=Q+ 67. Kh2 Qc2+ 68. Kg1 Qd1+ 69. Kf2 Qd2+ 70. Kf1 Qf4+ 71. Kg2 0-1